<?xml version="1.0" encoding="UTF-8"?>
<record
    xmlns:xsi="http://www.w3.org/2001/XMLSchema-instance"
    xsi:schemaLocation="http://www.loc.gov/MARC21/slim http://www.loc.gov/standards/marcxml/schema/MARC21slim.xsd"
    xmlns="http://www.loc.gov/MARC21/slim">

  <leader>00754cam a2200217 a 4500</leader>
  <controlfield tag="001">sa 68006976 </controlfield>
  <controlfield tag="003">DLC</controlfield>
  <controlfield tag="005">20260227112519.0</controlfield>
  <controlfield tag="008">840319s1956    ii a          000 0 hino </controlfield>
  <datafield tag="010" ind1=" " ind2=" ">
    <subfield code="a">sa 68006976 </subfield>
  </datafield>
  <datafield tag="040" ind1=" " ind2=" ">
    <subfield code="a">DLC</subfield>
    <subfield code="c">DLC</subfield>
  </datafield>
  <datafield tag="050" ind1="0" ind2="0">
    <subfield code="a">PK2030.6.S28</subfield>
    <subfield code="b">A4 1956</subfield>
  </datafield>
  <datafield tag="100" ind1="1" ind2=" ">
    <subfield code="a">&#x15A;arm&#x101;, Padmasi&#x1E43;ha,</subfield>
    <subfield code="d">1877-1932.</subfield>
  </datafield>
  <datafield tag="245" ind1="1" ind2="0">
    <subfield code="a">Padmasi&#x1E43;ha &#x15A;arm&#x101; ke patra /</subfield>
    <subfield code="c">samp&#x101;daka Ban&#x101;rs&#x12B;d&#x101;sa Caturved&#x12B;, Hari&#x15B;a&#x1E45;kara &#x15A;arm&#x101;.</subfield>
  </datafield>
  <datafield tag="260" ind1=" " ind2=" ">
    <subfield code="a">Dill&#x12B; :</subfield>
    <subfield code="b">&#x100;tm&#x101;r&#x101;ma e&#x1E47;&#x1E0D;a Sa&#x1E43;sa,</subfield>
    <subfield code="c">1956.</subfield>
  </datafield>
  <datafield tag="300" ind1=" " ind2=" ">
    <subfield code="a">48, 251 p.</subfield>
    <subfield code="b">illus., facsims., ports.</subfield>
    <subfield code="c">22 cm.</subfield>
  </datafield>
  <datafield tag="546" ind1=" " ind2=" ">
    <subfield code="a">In Hindi.</subfield>
  </datafield>
  <datafield tag="600" ind1="1" ind2="0">
    <subfield code="a">&#x15A;arm&#x101;, Padmasi&#x1E43;ha,</subfield>
    <subfield code="d">1877-1932</subfield>
    <subfield code="v">Correspondence.</subfield>
  </datafield>
  <datafield tag="700" ind1="1" ind2=" ">
    <subfield code="a">Caturved&#x12B;, Ban&#x101;ras&#x12B;d&#x101;sa,</subfield>
    <subfield code="d">1892-1985.</subfield>
  </datafield>
  <datafield tag="700" ind1="1" ind2=" ">
    <subfield code="a">&#x15A;arm&#x101;, Hari&#x15B;a&#x1E45;kara,</subfield>
    <subfield code="d">1892-</subfield>
  </datafield>
  <datafield tag="999" ind1=" " ind2=" ">
    <subfield code="c">81591</subfield>
    <subfield code="d">81591</subfield>
  </datafield>
</record>
